00492nam a2200205Ia 4500003000900000008004100009040001300050040001300063041000800076100001800084245008200102250001200184260000800196260000900204300001100213300001000224490003000234490000600264700001600270IT-RoPAU120407s9999 xx 000 0 und d aIT-RoPAU cIT-RoPAU aita aGianni Catti  aIl movimento catechistico italiano: dal Vaticano II al Sinodo della Catechesi aBologna aEDB c1977 a239 p. c19 cm aEducatori e catechisti, 7 v1 aSilvio Riva